[Event "22. Copenhagen Open  (Politiken Cup)"]
[Site "Copenhagen"]
[Date "2000.07.18"]
[Round "2"]
[White "Schultz Pedersen, Jesper"]
[Black "Christensen, Verner"]
[Result "1-0"]
[WhiteElo "2215"]
[BlackElo "1761"]
[PlyCount "115"]
[EventDate "2000.07.17"]
[EventType "swiss"]
[EventRounds "11"]
[EventCountry "DEN"]
[SourceDate "2004.01.01"]

1. e4 e5 2. Nf3 Nc6 3. Bb5 f5 4. Nc3 Nf6 5. d3 d6 6. O-O a6 7. Bxc6+ bxc6 8. d4
fxe4 9. Ng5 exd4 10. Ncxe4 Nxe4 11. Nxe4 Be7 12. Qh5+ g6 13. Qh6 Kf7 14. Re1
Qf8 15. Ng5+ Kg8 16. Qh4 h6 17. Qe4 Bf5 18. Qxe7 Qxe7 19. Rxe7 hxg5 20. Bxg5
Rh7 21. Re2 d3 22. cxd3 Bxd3 23. Re3 Bf5 24. Rae1 Rd7 25. f3 Rf7 26. g4 Bd7 27.
Kg2 c5 28. Kg3 Bc6 29. f4 Bd5 30. a3 Rb8 31. Re8+ Rf8 32. Rxb8 Rxb8 33. Bf6 Kf7
34. Bc3 Be6 35. Kh4 d5 36. Be5 d4 37. Re2 Rb7 38. Kg5 d3 39. Rd2 c4 40. h4 c6
41. h5 gxh5 42. Kxh5 Bd5 43. Rf2 Ke6 44. Bc3 Be4 45. Kg5 Rh7 46. f5+ Kf7 47.
Kf4 Bd5 48. g5 Rh4+ 49. Kg3 Re4 50. g6+ Kg8 51. Rh2 Re3+ 52. Kf4 Re4+ 53. Kg5
Kf8 54. f6 Re2 55. Rh8+ Bg8 56. Bb4+ c5 57. Bxc5+ Ke8 58. f7+ 1-0

[Event "22. Copenhagen Open  (Politiken Cup)"]
[Site "Copenhagen"]
[Date "2000.07.18"]
[Round "2"]
[White "Schonberg, Niels Peder"]
[Black "Hansen, Morten Lyck"]
[Result "0-1"]
[WhiteElo "1198"]
[BlackElo "1812"]
[PlyCount "64"]
[EventDate "2000.07.17"]
[EventType "swiss"]
[EventRounds "11"]
[EventCountry "DEN"]
[SourceDate "2004.01.01"]

1. d4 Nf6 2. e4 Nxe4 3. Nf3 d5 4. Nbd2 Nxd2 5. Bxd2 Bg4 6. Be2 e6 7. c3 c6 8.
Ne5 Bxe2 9. Qxe2 Nd7 10. Nf3 Be7 11. O-O O-O 12. Bf4 Nf6 13. Nd2 Re8 14. Rfe1
Bd6 15. Bg5 e5 16. Qd1 Re6 17. Qc2 exd4 18. cxd4 Bxh2+ 19. Kh1 Bc7 20. Nf3
Rxe1+ 21. Rxe1 Qd6 22. Qf5 Ne4 23. Bh4 Qe6 24. Qxe6 fxe6 25. Nh2 g5 26. Bg3
Bxg3 27. fxg3 Nxg3+ 28. Kg1 Ne4 29. g4 Rf8 30. Rf1 Rxf1+ 31. Nxf1 c5 32. dxc5
Nxc5 0-1

[Event "22. Copenhagen Open  (Politiken Cup)"]
[Site "Copenhagen"]
[Date "2000.07.18"]
[Round "2"]
[White "Schonberg, Pauli"]
[Black "Grahn, Lars"]
[Result "0-1"]
[WhiteElo "1504"]
[BlackElo "2105"]
[PlyCount "58"]
[EventDate "2000.07.17"]
[EventType "swiss"]
[EventRounds "11"]
[EventCountry "DEN"]
[SourceDate "2004.01.01"]

1. e4 e5 2. Nf3 d6 3. Nc3 Bg4 4. Be2 Nc6 5. d3 Qd7 6. Be3 Nf6 7. Nh4 Bxe2 8.
Qxe2 O-O-O 9. O-O g6 10. f4 Nd4 11. Qd1 Ng4 12. Bxd4 exd4 13. Nd5 c6 14. f5 Ne5
15. Nf6 Qe7 16. fxg6 hxg6 17. g3 Qe6 18. Qe2 Be7 19. Qf2 g5 20. Ng2 Rh6 21.
Qxd4 Bxf6 22. Qxa7 Qh3 23. Qa8+ Kc7 24. Qa5+ Kd7 25. Rxf6 Rxf6 26. Qc3 Rh8 27.
Nh4 gxh4 28. d4 hxg3 29. Qxg3 Rg6 0-1

[Event "22. Copenhagen Open  (Politiken Cup)"]
[Site "Copenhagen"]
[Date "2000.07.18"]
[Round "2"]
[White "Simonsen, Olavur"]
[Black "Nielsen, Dagh"]
[Result "1-0"]
[WhiteElo "2183"]
[BlackElo "1576"]
[PlyCount "43"]
[EventDate "2000.07.17"]
[EventType "swiss"]
[EventRounds "11"]
[EventCountry "DEN"]
[SourceDate "2004.01.01"]

1. e4 c5 2. Nf3 d6 3. c3 Nf6 4. Be2 Nc6 5. d4 cxd4 6. cxd4 g6 7. Nc3 Bg7 8. h3
O-O 9. Be3 a6 10. O-O b5 11. Rc1 Bb7 12. d5 Nb8 13. Nd4 Nbd7 14. Nc6 Bxc6 15.
dxc6 Nc5 16. Bf3 Qa5 17. e5 Ne8 18. b4 Qxb4 19. Nd5 Qa3 20. Nxe7+ Kh8 21. c7
Nxc7 22. exd6 1-0

[Event "22. Copenhagen Open  (Politiken Cup)"]
[Site "Copenhagen"]
[Date "2000.07.18"]
[Round "2"]
[White "Skytte, Rasmus"]
[Black "Preuss, Flemming"]
[Result "1-0"]
[WhiteElo "2323"]
[BlackElo "2072"]
[PlyCount "47"]
[EventDate "2000.07.17"]
[EventType "swiss"]
[EventRounds "11"]
[EventCountry "DEN"]
[SourceDate "2004.01.01"]

1. e4 c6 2. d4 d5 3. Nc3 dxe4 4. Nxe4 Nf6 5. Nxf6+ exf6 6. c3 Bd6 7. Bd3 O-O 8.
Qc2 Re8+ 9. Ne2 g6 10. h4 Nd7 11. h5 Nf8 12. Bh6 Qc7 13. O-O-O Be6 14. c4 Rad8
15. Kb1 Be7 16. Nf4 f5 17. g4 Rxd4 18. Nxe6 fxe6 19. gxf5 exf5 20. hxg6 hxg6
21. Rdg1 Rxd3 22. Qxd3 Kf7 23. Bxf8 Bxf8 24. Rh7+ (24. Rh7+ Bg7 {[#]} 25. Qxf5+
gxf5 26. Rgxg7+) 1-0

[Event "22. Copenhagen Open  (Politiken Cup)"]
[Site "Copenhagen"]
[Date "2000.07.18"]
[Round "2"]
[White "Jensen, Kasper Smith"]
[Black "Nielsen, Michael B"]
[Result "1-0"]
[WhiteElo "2157"]
[BlackElo "1421"]
[PlyCount "97"]
[EventDate "2000.07.17"]
[EventType "swiss"]
[EventRounds "11"]
[EventCountry "DEN"]
[SourceDate "2004.01.01"]

1. e4 e6 2. d4 d5 3. Nc3 Nf6 4. Bg5 Be7 5. e5 Nfd7 6. Bxe7 Qxe7 7. Qg4 O-O 8.
O-O-O f5 9. Qg3 c5 10. f4 Nc6 11. Nf3 a6 12. dxc5 Nxc5 13. Nd4 Nxd4 14. Rxd4
Bd7 15. Qe3 b5 {[#]} 16. Rxd5 exd5 17. Nxd5 Qf7 18. Qxc5 Be6 19. Ne7+ Kh8 20.
b3 Rfe8 21. Nc6 Rac8 22. Qd6 Bd5 23. Nd4 Red8 24. Qb4 Bc4 25. Bxc4 bxc4 26. Nf3
cxb3 27. Qxb3 Qxb3 28. axb3 Rc3 29. Re1 Kg8 30. Kb2 Rdc8 31. Re2 Kf8 32. Nd4 g6
33. Nf3 h6 34. e6 Ke7 35. Nh4 R3c7 36. Nxg6+ Ke8 37. Ne5 Re7 38. Nf7 Rc6 39.
Nxh6 Rcxe6 40. Rxe6 Rxe6 41. Nxf5 Re2 42. Nh4 Rf2 43. g3 Rxh2 44. Kc3 Kf7 45.
Nf3 Rg2 46. Ne5+ Kf6 47. g4 Rf2 48. Nd3 Rf3 49. Kc4 1-0

[Event "22. Copenhagen Open  (Politiken Cup)"]
[Site "Copenhagen"]
[Date "2000.07.18"]
[Round "2"]
[White "Tjornsted, Peter"]
[Black "Jacobsen, Jesper Howalt"]
[Result "1-0"]
[WhiteElo "1868"]
[BlackElo "1289"]
[PlyCount "39"]
[EventDate "2000.07.17"]
[EventType "swiss"]
[EventRounds "11"]
[EventCountry "DEN"]
[SourceDate "2004.01.01"]

1. d4 d6 2. e4 g6 3. f4 Bg7 4. Nf3 Nd7 5. Bc4 Nb6 6. Bb3 Nh6 7. c3 d5 8. exd5
Nxd5 9. O-O O-O 10. Ne5 e6 11. Qf3 Ne7 12. Nd2 c6 13. Ne4 b6 14. g4 Bb7 15. Ng5
Qc7 16. Qh3 c5 17. f5 Bd5 18. f6 Bxb3 19. axb3 Bh8 20. Qxh6 1-0

[Event "22. Copenhagen Open  (Politiken Cup)"]
[Site "Copenhagen"]
[Date "2000.07.18"]
[Round "2"]
[White "Tolstrup, Thomas"]
[Black "Brondum, Eric"]
[Result "1/2-1/2"]
[WhiteElo "1856"]
[BlackElo "2230"]
[PlyCount "52"]
[EventDate "2000.07.17"]
[EventType "swiss"]
[EventRounds "11"]
[EventCountry "DEN"]
[SourceDate "2004.01.01"]

1. Nf3 Nf6 2. c4 g6 3. g3 Bg7 4. Bg2 O-O 5. O-O d6 6. d4 Nc6 7. Nc3 a6 8. d5
Na5 9. Nd2 c5 10. Qc2 Rb8 11. b3 b5 12. Bb2 Bh6 13. f4 bxc4 14. bxc4 e5 15.
dxe6 Bxe6 16. Nd5 Bxd5 17. cxd5 Ng4 18. Rf3 Rxb2 19. Qxb2 Bg7 20. Qc1 Bxa1 21.
Qxa1 Qb6 22. h3 c4+ 23. Kh1 Ne3 24. Ne4 Nxd5 25. f5 Rb8 26. Rf1 Qb2 1/2-1/2

[Event "22. Copenhagen Open  (Politiken Cup)"]
[Site "Copenhagen"]
[Date "2000.07.18"]
[Round "2"]
[White "Tozer, Richard"]
[Black "Fant, Goran"]
[Result "1-0"]
[WhiteElo "2317"]
[BlackElo "2062"]
[PlyCount "55"]
[EventDate "2000.07.17"]
[EventType "swiss"]
[EventRounds "11"]
[EventCountry "DEN"]
[SourceDate "2004.01.01"]

1. d4 Nf6 2. c4 e6 3. g3 Bb4+ 4. Bd2 Qe7 5. Bg2 c6 6. Nf3 Ne4 7. O-O Nxd2 8.
Nbxd2 f5 9. e4 f4 10. c5 d6 11. Nc4 dxc5 12. a3 b5 13. axb4 bxc4 14. bxc5 O-O
15. Ne5 Ba6 16. Re1 Qb7 17. Qc2 Qb4 18. Bf1 fxg3 19. hxg3 Rd8 20. Red1 Bb5 21.
Nxc4 Nd7 22. Qc3 Qxc3 23. bxc3 Nf6 24. f3 g5 25. Ne5 a5 26. c4 Rdb8 27. cxb5
cxb5 28. Nc6 1-0

[Event "22. Copenhagen Open  (Politiken Cup)"]
[Site "Copenhagen"]
[Date "2000.07.18"]
[Round "2"]
[White "Zyde, Fadmal"]
[Black "Lardot, Derik"]
[Result "0-1"]
[WhiteElo "1619"]
[BlackElo "2019"]
[PlyCount "72"]
[EventDate "2000.07.17"]
[EventType "swiss"]
[EventRounds "11"]
[EventCountry "DEN"]
[SourceDate "2004.01.01"]

1. e4 e5 2. Nf3 Nc6 3. Nc3 Nf6 4. d4 exd4 5. Nxd4 Bb4 6. Nxc6 bxc6 7. Bg5 h6 8.
Bxf6 Qxf6 9. Qd2 O-O 10. Bd3 d5 11. O-O d4 12. Qe2 dxc3 13. bxc3 Bxc3 14. Rab1
Re8 15. f4 Qd4+ 16. Kh1 Be6 17. a3 c5 18. Qh5 c4 19. f5 Qc5 20. Be2 Bd7 21. Rf4
Bc6 22. Rg4 Bxe4 23. Rf1 Bf6 24. Qxh6 Qc6 25. Bf3 Bxf3 26. gxf3 Kf8 27. Rxg7
Re5 28. Rg6+ Ke7 29. Rg4 Rh8 30. Qd2 c3 31. Qd4 Rxh2+ 32. Kg1 Rd2 33. Qb4+ Qc5+
34. Qxc5+ Rxc5 35. Rf2 Bd4 36. Re4+ Kf6 0-1

[Event "22. Copenhagen Open  (Politiken Cup)"]
[Site "Copenhagen"]
[Date "2000.07.19"]
[Round "3"]
[White "Al Saad, Mofid"]
[Black "Schonberg, Niels Peder"]
[Result "1-0"]
[WhiteElo "1496"]
[BlackElo "1198"]
[PlyCount "67"]
[EventDate "2000.07.17"]
[EventType "swiss"]
[EventRounds "11"]
[EventCountry "DEN"]
[SourceDate "2004.01.01"]

1. Nf3 b6 2. g3 Bb7 3. Bg2 e6 4. d4 h6 5. O-O Nf6 6. c4 c5 7. d5 exd5 8. Nh4
Ne4 9. cxd5 Nd6 10. e4 Nc4 11. b3 Nd6 12. Bb2 Na6 13. Re1 Qc7 14. e5 Nb5 15. d6
Qc8 16. Bd5 Nd4 17. Nc3 Nb4 18. Bc4 Nbc2 19. Qh5 Ne6 20. Nd5 Qc6 21. a4 Nxe1
22. Rxe1 a5 23. f4 Rg8 24. f5 Ng5 25. Nc7+ Kd8 26. Bd5 Qxd5 27. Nxd5 Bxd5 28.
Qd1 Bc6 29. Bc1 Ne4 30. Qc2 Ng5 31. Bxg5+ hxg5 32. Ng2 Rh8 33. Qc4 Ke8 34. Ne3
1-0

[Event "22. Copenhagen Open  (Politiken Cup)"]
[Site "Copenhagen"]
[Date "2000.07.19"]
[Round "3"]
[White "Andersen, Preben"]
[Black "Andreasen, Per Naesby"]
[Result "1/2-1/2"]
[WhiteElo "2030"]
[BlackElo "2293"]
[PlyCount "36"]
[EventDate "2000.07.17"]
[EventType "swiss"]
[EventRounds "11"]
[EventCountry "DEN"]
[SourceDate "2004.01.01"]

1. e4 g6 2. d4 Bg7 3. Nf3 d6 4. Bc4 Nf6 5. Qe2 O-O 6. O-O c6 7. Bb3 Bg4 8. Nbd2
e5 9. dxe5 dxe5 10. h3 Bxf3 11. Nxf3 Nbd7 12. Rd1 Qc7 13. c3 Nc5 14. Bc2 a5 15.
a4 Rad8 16. Rxd8 Rxd8 17. Qc4 Ne6 18. Ng5 Nxg5 $11 1/2-1/2

[Event "22. Copenhagen Open  (Politiken Cup)"]
[Site "Copenhagen"]
[Date "2000.07.19"]
[Round "3"]
[White "Andersen, Rune"]
[Black "Nielsen, Thomas"]
[Result "1-0"]
[WhiteElo "2077"]
[BlackElo "1809"]
[PlyCount "183"]
[EventDate "2000.07.17"]
[EventType "swiss"]
[EventRounds "11"]
[EventCountry "DEN"]
[SourceDate "2004.01.01"]

1. d4 Nf6 2. c4 g6 3. Nc3 d5 4. Bf4 c6 5. e3 Bg7 6. Nf3 O-O 7. Rc1 Bg4 8. Qb3
Qc8 9. cxd5 cxd5 10. e4 dxe4 11. Ne5 Nc6 12. h3 Be6 13. d5 Nxe5 14. dxe6 Nd3+
15. Bxd3 exd3 16. exf7+ Rxf7 17. O-O Qd7 18. Nb1 Nd5 19. Bg3 e5 20. Qxd3 Nf4
21. Qxd7 Rxd7 22. Rc2 Rad8 23. Bh4 Rf8 24. Nc3 Bf6 25. Bxf6 Rxf6 26. Ne4 Rf8
27. Rc5 Nd3 28. Rb5 a6 29. Rb6 Rd4 30. f3 Rb4 31. Rd6 Rd4 32. Rxd4 exd4 33. Rd1
Nf4 34. Kf2 Rc8 35. Rd2 Kg7 36. Nd6 Rc6 37. Nxb7 d3 38. Na5 Rc2 39. Nb3 a5 40.
Rxc2 dxc2 41. Ke3 a4 42. Nc1 Nxg2+ 43. Kd2 Nf4 44. b4 axb3 45. Nxb3 Nxh3 46. a4
Nf4 47. Kxc2 h5 48. Nd2 Ne6 49. a5 h4 50. a6 Nc7 51. a7 h3 52. Nf1 Kf6 53. Kd3
Ke5 54. Ke3 g5 55. Ng3 h2 56. Kf2 Kf4 57. Ne2+ Kf5 58. Kg2 Kg6 59. Kxh2 Kh5 60.
Kg3 Kg6 61. Kg4 Kf6 62. Nd4 Na8 63. Nb5 Kg6 64. Nd6 Kf6 65. Ne4+ Ke6 66. Nxg5+
Kd7 67. f4 Kc6 68. f5 Kb7 69. f6 Nb6 70. Kf5 Nd7 71. f7 Kxa7 72. Ke6 Nf8+ 73.
Ke7 Ng6+ 74. Kf6 Nf8 75. Ne6 Nd7+ 76. Kg7 Kb6 77. Ng5 Ka7 78. Ne4 Kb6 79. Nf6
Nc5 80. Kg8 Ne6 81. Nd5+ Kc6 82. Nf4 Nxf4 83. f8=Q Nd5 84. Kf7 Nc7 85. Kf6 Nd5+
86. Ke5 Nb6 87. Qd6+ Kb5 88. Kd4 Ka5 89. Qc6 Na4 90. Kc4 Nc3 91. Qc5+ Nb5 92.
Qxb5# 1-0

[Event "22. Copenhagen Open  (Politiken Cup)"]
[Site "Copenhagen"]
[Date "2000.07.19"]
[Round "3"]
[White "Antonsen, Mikkel"]
[Black "Mittelmann, Gur"]
[Result "0-1"]
[WhiteElo "2377"]
[BlackElo "2419"]
[PlyCount "102"]
[EventDate "2000.07.17"]
[EventType "swiss"]
[EventRounds "11"]
[EventCountry "DEN"]
[SourceDate "2004.01.01"]

1. d4 Nf6 2. c4 g6 3. Nc3 Bg7 4. e4 d6 5. f3 O-O 6. Nge2 c5 7. d5 e6 8. Ng3
exd5 9. cxd5 h5 10. Bg5 Qb6 11. Qb3 Qc7 12. Be2 a6 13. a4 Nh7 14. Be3 Qe7 15.
O-O Nd7 16. f4 Bd4 17. Bf2 h4 18. Nh1 Ndf6 19. Bf3 g5 20. Rae1 gxf4 21. Ne2 Be3
22. Bxe3 fxe3 23. Nf4 Bd7 24. Rxe3 Qe5 25. Bd1 b5 26. axb5 axb5 27. Qc3 Qxc3
28. bxc3 Rfe8 29. Nf2 Ng5 30. Rfe1 Ra1 31. e5 dxe5 32. Rxe5 Kf8 33. Kf1 Rxe5
34. Rxe5 Nge4 35. Nxe4 Nxe4 36. Rxe4 Rxd1+ 37. Ke2 Bg4+ 38. Kf2 Rc1 39. Ng6+
fxg6 40. Rxg4 Rxc3 41. Rxg6 Ke7 42. Rb6 b4 43. Ke2 b3 44. Kd2 Rc2+ 45. Kd3 c4+
46. Kd4 b2 47. Ke5 Re2+ 48. Kd4 Rxg2 49. h3 Rc2 50. Ke5 c3 51. Rb7+ Ke8 0-1

[Event "22. Copenhagen Open  (Politiken Cup)"]
[Site "Copenhagen"]
[Date "2000.07.19"]
[Round "3"]
[White "Auchenberg, Einar"]
[Black "Thomsen, Heinrich Kirch"]
[Result "1-0"]
[WhiteElo "1692"]
[BlackElo "1432"]
[PlyCount "67"]
[EventDate "2000.07.17"]
[EventType "swiss"]
[EventRounds "11"]
[EventCountry "DEN"]
[SourceDate "2004.01.01"]

1. e4 e6 2. d4 d5 3. e5 c5 4. f4 Nc6 5. Nf3 Qb6 6. c3 cxd4 7. cxd4 Bb4+ 8. Nc3
Nge7 9. a3 Bxc3+ 10. bxc3 O-O 11. Bd3 h6 12. a4 Bd7 13. Ba3 Rac8 14. Qb1 Qa5
15. O-O Qxc3 16. Rc1 Qa5 17. Qxb7 Rfd8 18. Bxe7 Nxe7 19. Bb5 Nc6 20. Rxc6 Bxc6
21. Bxc6 Qc3 22. Rb1 Qxc6 23. a5 Qc2 24. Rf1 Rb8 25. Qxa7 Rb2 26. Ne1 Qe2 27.
Qe7 Rc8 28. Qh4 Rc1 29. Qg3 Rbb1 30. Qf2 Qa6 31. f5 Qxf1+ 32. Kxf1 Rxe1+ 33.
Qxe1 Rxe1+ 34. Kxe1 1-0

[Event "22. Copenhagen Open  (Politiken Cup)"]
[Site "Copenhagen"]
[Date "2000.07.19"]
[Round "3"]
[White "Baburin, Alexander"]
[Black "Skytte, Rasmus"]
[Result "1-0"]
[WhiteElo "2590"]
[BlackElo "2323"]
[PlyCount "135"]
[EventDate "2000.07.17"]
[EventType "swiss"]
[EventRounds "11"]
[EventCountry "DEN"]
[SourceDate "2004.01.01"]

1. d4 d5 2. c4 dxc4 3. e3 Nf6 4. Bxc4 a6 5. Nf3 b5 6. Be2 Bb7 7. a4 b4 8. O-O
e6 9. Ne5 Nbd7 10. Bf3 Qc8 11. Nd2 Be7 12. Nc6 Bxc6 13. Bxc6 Ra7 14. e4 O-O 15.
e5 Nd5 16. Qf3 Rd8 17. Bxd5 exd5 18. Qxd5 c5 19. Nf3 cxd4 20. e6 Nf6 21. exf7+
Kf8 22. Qb3 Qf5 23. Bg5 Qd5 24. Qd3 h6 25. Bd2 a5 26. Rfe1 Bd6 27. Qb5 Qxb5 28.
axb5 Kxf7 29. h3 a4 30. Nxd4 Bc5 31. Nf3 Ra5 32. Be3 Bxe3 33. Rxe3 Rda8 34. Nd4
a3 35. bxa3 Rxa3 36. Rae1 Rxe3 37. Rxe3 Nd5 38. Re5 Nb6 39. Rf5+ Kg6 40. Rc5
Rd8 41. Rc6+ Kf7 42. Nb3 Rb8 43. Rd6 Na4 44. Ra6 Nb6 45. g3 Nd5 46. Nd4 Rb7 47.
Ra4 Ke7 48. Nc6+ Kd6 49. Nxb4 Nc3 50. Ra6+ Kc5 51. Nd3+ Kxb5 52. Rg6 Kc4 53.
Nf4 Ne4 54. h4 Rb2 55. Nh3 Rb7 56. Rg4 Kd5 57. Nf4+ Ke5 58. Nd3+ Kd4 59. Rxe4+
Kxd3 60. Rf4 Re7 61. Kg2 g5 62. Rf3+ Ke2 63. hxg5 hxg5 64. g4 Re4 65. Kg3 Re8
66. Rf5 Rg8 67. f4 gxf4+ 68. Kxf4 1-0

[Event "22. Copenhagen Open  (Politiken Cup)"]
[Site "Copenhagen"]
[Date "2000.07.19"]
[Round "3"]
[White "Bekker Jensen, David"]
[Black "Golod, Vitali"]
[Result "0-1"]
[WhiteElo "2320"]
[BlackElo "2590"]
[PlyCount "60"]
[EventDate "2000.07.17"]
[EventType "swiss"]
[EventRounds "11"]
[EventCountry "DEN"]
[SourceDate "2004.01.01"]

1. d4 Nf6 2. c4 e6 3. Nc3 d5 4. cxd5 Nxd5 5. Nf3 c5 6. e3 Nc6 7. Bd3 Be7 8. O-O
O-O 9. Re1 b6 10. Na4 cxd4 11. exd4 Bb7 12. Nc3 Rc8 13. Nxd5 Qxd5 14. Be4 Qh5
15. Bf4 Rfd8 16. Rc1 Qb5 17. d5 Na5 18. Rxc8 Bxc8 19. Ng5 h6 20. Qh5 Bxg5 21.
Bxg5 hxg5 22. Qh7+ Kf8 23. Qh8+ Ke7 24. Qxg7 Rxd5 25. Bxd5 Qxd5 26. Rc1 Bb7 27.
f3 Nc6 28. Qc3 g4 29. fxg4 Nd4 30. Qc7+ Kf8 0-1

[Event "22. Copenhagen Open  (Politiken Cup)"]
[Site "Copenhagen"]
[Date "2000.07.19"]
[Round "3"]
[White "Bekker Jensen, Simon"]
[Black "Laursen, Niels Norskov"]
[Result "1-0"]
[WhiteElo "2388"]
[BlackElo "2079"]
[PlyCount "81"]
[EventDate "2000.07.17"]
[EventType "swiss"]
[EventRounds "11"]
[EventCountry "DEN"]
[SourceDate "2004.01.01"]

1. d4 Nf6 2. c4 g6 3. Nc3 Bg7 4. e4 d6 5. Be2 O-O 6. Bg5 c5 7. d5 h6 8. Bf4 b5
9. cxb5 a6 10. a4 Qa5 11. Bd2 axb5 12. Bxb5 Ba6 13. Nge2 Bxb5 14. Nxb5 Qb6 15.
Nec3 Na6 16. O-O Rfc8 17. Qe2 Nb4 18. Rfc1 Nd7 19. Be3 Qa5 20. h3 Rab8 21. Rd1
Ne5 22. f4 Nd7 23. Kh1 Kh7 24. Bg1 c4 25. Na7 Rc7 26. Ncb5 Rc5 27. Bxc5 Nxc5
28. Qxc4 Bxb2 29. Nc6 Nxc6 30. Ra2 Na7 31. Rxb2 Qxa4 32. Qxa4 Nxa4 33. Rd4 Nxb2
34. Nxa7 Rb7 35. Nc6 Kg7 36. Kg1 g5 37. g3 gxf4 38. gxf4 Kf6 39. Kf2 Rc7 40.
Ke2 Kg7 41. Rb4 1-0

[Event "22. Copenhagen Open  (Politiken Cup)"]
[Site "Copenhagen"]
[Date "2000.07.19"]
[Round "3"]
[White "Berg, Olaf"]
[Black "Lilja, Richard"]
[Result "1-0"]
[WhiteElo "1795"]
[BlackElo "2080"]
[PlyCount "145"]
[EventDate "2000.07.17"]
[EventType "swiss"]
[EventRounds "11"]
[EventCountry "DEN"]
[SourceDate "2004.01.01"]

1. e4 e5 2. Nc3 Bc5 3. Nf3 d6 4. Bc4 Nc6 5. h3 h6 6. O-O Nf6 7. d3 Be6 8. Bb3
Qd7 9. Qe2 O-O-O 10. Be3 g5 11. Bxc5 dxc5 12. Ba4 Qd6 13. Bxc6 bxc6 14. Nd2 Nd7
15. a4 Qe7 16. Kh2 g4 17. g3 gxh3 18. a5 h5 19. f3 Qg5 20. f4 exf4 21. gxf4 Qf6
22. f5 Rdg8 23. Rg1 Ne5 24. Nf3 Rg4 25. Nd1 Rf4 26. Rg3 Rg4 27. Ne3 Rxg3 28.
Kxg3 Rg8+ 29. Kxh3 h4 30. Rg1 Rxg1 31. Nxg1 Qg5 32. Qf2 Bd7 33. Ne2 f6 34. Qf4
Qh5 35. Ng1 Ng6 36. Qf3 Qg5 37. Ne2 Ne5 38. Qf4 Qh5 39. Ng4 Be8 40. Ng1 Qh8 41.
Nf3 Nxf3 42. Qxf3 Bh5 43. Kxh4 Kb7 44. Qe3 Bxg4+ 45. Kxg4 Qh2 46. Qxc5 Qg2+ 47.
Kf4 Qd2+ 48. Kg3 Qe1+ 49. Qf2 Qxa5 50. d4 Qb5 51. c3 Qd3+ 52. Qf3 Qd2 53. Qf2
Qg5+ 54. Kf3 a5 55. Qg2 Qh5+ 56. Ke3 Qh6+ 57. Kd3 Qf4 58. Kc2 a4 59. Qe2 Kb6
60. Kb1 Qg5 61. Qf3 Qg1+ 62. Ka2 Qg8+ 63. Kb1 Qg1+ 64. Kc2 Qh2+ 65. Kc1 Qg1+
66. Kc2 c5 67. Qd3 Qg2+ 68. Kb1 c4 69. Qe3 Kb5 70. Qe1 a3 71. bxa3 Ka4 72. Qd1+
Kxa3 73. Qc2 1-0

[Event "22. Copenhagen Open  (Politiken Cup)"]
[Site "Copenhagen"]
[Date "2000.07.19"]
[Round "3"]
[White "Bogdanov, Max"]
[Black "Greisen, Flemming Dahl"]
[Result "0-1"]
[WhiteElo "1067"]
[BlackElo "1488"]
[PlyCount "82"]
[EventDate "2000.07.17"]
[EventType "swiss"]
[EventRounds "11"]
[EventCountry "DEN"]
[SourceDate "2004.01.01"]

1. d4 d5 2. c4 e6 3. Bf4 Bd6 4. Bxd6 Qxd6 5. Nc3 Nf6 6. Nf3 a6 7. e3 c5 8. dxc5
Qxc5 9. cxd5 Nxd5 10. Nxd5 Qxd5 11. Qxd5 exd5 12. h3 Nc6 13. Rd1 Be6 14. Be2
O-O 15. O-O Rac8 16. Rd2 Rfd8 17. Rfd1 h6 18. Kf1 Kf8 19. h4 Ke7 20. g3 f6 21.
Kg2 Rc7 22. Bd3 Rcd7 23. Bg6 Ne5 24. Bc2 Nc4 25. Rd4 Nxb2 26. Rb1 Nc4 27. Rb4
Rc7 28. Bd3 Ne5 29. Rb6 Nd7 30. Rbb4 Nc5 31. Bc2 Nd7 32. Bb3 Nc5 33. a4 Rd6 34.
Ba2 a5 35. Rb5 b6 36. Kf1 Bd7 37. Rb2 Nxa4 38. Rbd2 Bb5+ 39. Ke1 Rc1+ 40. Rd1
Rxd1+ 41. Rxd1 Nc3 0-1

[Event "22. Copenhagen Open  (Politiken Cup)"]
[Site "Copenhagen"]
[Date "2000.07.19"]
[Round "3"]
[White "Bromann, Thorbjorn"]
[Black "Rasmussen, Allan Stig"]
[Result "1/2-1/2"]
[WhiteElo "2261"]
[BlackElo "2199"]
[PlyCount "31"]
[EventDate "2000.07.17"]
[EventType "swiss"]
[EventRounds "11"]
[EventCountry "DEN"]
[SourceDate "2004.01.01"]

1. b3 e5 2. Bb2 d6 3. d4 exd4 4. Qxd4 Nc6 5. Qd2 Nf6 6. c4 d5 7. cxd5 Nxd5 8.
a3 Be6 9. Nf3 Nf6 10. Qc2 Qd5 11. Nbd2 Bf5 12. Qc3 O-O-O 13. e3 Ne4 14. Nxe4
Bxe4 15. Be2 Bd6 16. Rd1 1/2-1/2

[Event "22. Copenhagen Open  (Politiken Cup)"]
[Site "Copenhagen"]
[Date "2000.07.19"]
[Round "3"]
[White "Brondum, Eric"]
[Black "Auchenberg, Per"]
[Result "1/2-1/2"]
[WhiteElo "2230"]
[BlackElo "2006"]
[PlyCount "41"]
[EventDate "2000.07.17"]
[EventType "swiss"]
[EventRounds "11"]
[EventCountry "DEN"]
[SourceDate "2004.01.01"]

1. Nf3 e6 2. d4 Nf6 3. e3 b6 4. Bd3 Bb7 5. Nbd2 c5 6. c3 Nc6 7. O-O Be7 8. Qe2
d6 9. a3 a5 10. b3 O-O 11. Bb2 a4 12. b4 d5 13. Rad1 Qc7 14. e4 dxe4 15. Nxe4
Nxe4 16. Qxe4 g6 17. Qg4 cxd4 18. cxd4 Bf6 19. h4 h5 20. Qh3 Qf4 21. Rfe1
1/2-1/2

[Event "22. Copenhagen Open  (Politiken Cup)"]
[Site "Copenhagen"]
[Date "2000.07.19"]
[Round "3"]
[White "Christensen, Jan N"]
[Black "Haugsdal, Arn Tore"]
[Result "1-0"]
[WhiteElo "2139"]
[BlackElo "2007"]
[PlyCount "55"]
[EventDate "2000.07.17"]
[EventType "swiss"]
[EventRounds "11"]
[EventCountry "DEN"]
[SourceDate "2004.01.01"]

1. e4 e5 2. Nc3 Nf6 3. Bc4 Bc5 4. d3 Nc6 5. Bg5 h6 6. Bh4 Na5 7. Bb3 Nxb3 8.
axb3 c6 9. Nge2 d6 10. Qd2 Bb4 11. O-O g5 12. Bg3 Qe7 13. f3 Be6 14. d4 Nh5 15.
Bf2 Nf4 16. dxe5 dxe5 17. Rxa7 Rxa7 18. Bxa7 h5 19. Rd1 h4 20. Qe3 O-O 21. Kf2
h3 22. gxh3 Ra8 23. Na4 Nxh3+ 24. Kg2 Nf4+ 25. Nxf4 gxf4 26. Qf2 Kh7 27. Bc5
Qg5+ 28. Kh1 {time} 1-0

[Event "22. Copenhagen Open  (Politiken Cup)"]
[Site "Copenhagen"]
[Date "2000.07.19"]
[Round "3"]
[White "Christensen, Stefan"]
[Black "Nielsen, Simon Saito"]
[Result "1-0"]
[WhiteElo "2176"]
[BlackElo "2138"]
[PlyCount "39"]
[EventDate "2000.07.17"]
[EventType "swiss"]
[EventRounds "11"]
[EventCountry "DEN"]
[SourceDate "2004.01.01"]

1. e4 c5 2. Nf3 d6 3. d4 cxd4 4. Nxd4 Nf6 5. Nc3 g6 6. f4 Nc6 7. Nxc6 bxc6 8.
e5 dxe5 9. Qxd8+ Kxd8 10. fxe5 Ng4 11. Bf4 Bg7 12. O-O-O+ Ke8 {[#]} 13. Nb5 Bd7
14. Nc7+ Kd8 15. e6 fxe6 16. Nxe6+ Ke8 17. Nxg7+ Kf7 18. Rxd7 Rhd8 19. Bc4+
Kxg7 20. Rxe7+ 1-0

[Event "22. Copenhagen Open  (Politiken Cup)"]
[Site "Copenhagen"]
[Date "2000.07.19"]
[Round "3"]
[White "Christensen, Verner"]
[Black "Petersen, Steen"]
[Result "0-1"]
[WhiteElo "1761"]
[BlackElo "2162"]
[PlyCount "68"]
[EventDate "2000.07.17"]
[EventType "swiss"]
[EventRounds "11"]
[EventCountry "DEN"]
[SourceDate "2004.01.01"]

1. e4 c5 2. d4 cxd4 3. c3 dxc3 4. Nxc3 a6 5. Bc4 e6 6. Nf3 b5 7. Bb3 Bb7 8. Qd3
d6 9. O-O Nf6 10. a3 Nbd7 11. Bc2 Be7 12. Rd1 Qc7 13. Bf4 Ne5 14. Qe2 O-O 15.
Rac1 Rac8 16. Bg3 Nh5 17. Bb1 Nxg3 18. hxg3 Qb6 19. Nd4 Bf6 20. Ba2 Nc4 21. Nf3
Rc7 22. e5 Bxf3 23. gxf3 Bxe5 24. f4 Bf6 25. g4 Rfc8 26. g5 Be7 27. Ne4 d5 28.
Ng3 Nd6 29. Rxc7 Qxc7 30. f5 Nxf5 31. Nxf5 exf5 32. Rxd5 Qc1+ 33. Rd1 Qxg5+ 34.
Kh2 Bd6+ 0-1